000
00491nam a2200181Ia 4500
008
090124s9999 xx 000 0 und d
082
_b
46946
100
_a
मांडके अलका
245
_a
हृदयसंवाद
250
_a
1
260
_c
2006
300
_a
212
600
_a
मांडके अलका
630
_a
हृदयसंवाद
700
_a
मांडके अलका
730
_a
हृदयसंवाद
942
_c
BOOK
999
_c
113174
_d
113174